|
|
|
|
| LEADER |
01145naa a2200229 i 4500 |
| 001 |
acta77361 |
| 005 |
20221125154422.0 |
| 008 |
221125s2022 hu o 1|| hun d |
| 020 |
|
|
|a 978-963-306-862-5
|
| 040 |
|
|
|a SZTE Egyetemi Kiadványok Repozitórium
|b hun
|
| 041 |
|
|
|a hun
|
| 100 |
1 |
|
|a Ökördi Réka
|
| 245 |
1 |
0 |
|a Hátránykompenzáció és matematikai fogalomépítés az alsó tagozaton
|h [elektronikus dokumentum] :
|b digitális fejlesztőprogram matematikából : [absztrakt] /
|c Ökördi Réka
|
| 260 |
|
|
|a Szegedi Tudományegyetem, Neveléstudományi Doktori Iskola
|b Szeged
|c 2022
|
| 300 |
|
|
|a 63
|
| 490 |
0 |
|
|a Pedagógiai Értékelési Konferencia
|v 18
|
| 650 |
|
4 |
|a Társadalomtudományok
|
| 650 |
|
4 |
|a Oktatástudomány
|
| 695 |
|
|
|a Képességfejlesztés - matematika - általános iskola - előadáskivonat, Matematika tanítása - általános iskola - előadáskivonat, Digitális oktatás - módszer - előadáskivonat
|
| 700 |
0 |
1 |
|a Molnár Gyöngyvér
|e aut
|
| 711 |
|
|
|a Pedagógiai Értékelési Konferencia (18.)
|c Szeged
|d 2022. április 21-23.
|
| 856 |
4 |
0 |
|u http://acta.bibl.u-szeged.hu/77361/1/pek_2022_063.pdf
|z Dokumentum-elérés
|